Top 10 Most Populous Suburbs of Melbourne - Statistics

General Stats
  • This quiz has been taken 1,183 times
    522 since last reset
  • The average score is 4 of 10
Answer Stats
No. Population Answer % Correct
4 54941 Melbourne
86%
8 50027 Werribee
51%
5 54118 Pakenham
40%
6 51096 Reservoir
34%
2 65178 Craigieburn
33%
1 66781 Point Cook
31%
3 56370 Tarneit
31%
9 42642 Glen Waverley
24%
7 50298 Berwick
20%
10 38042 St Albans
14%
No matching quizzes found
Score Distribution
Percent of People with Each Score
Percentile by Number Answered
Your Score History
You have not taken this quiz since the last reset